| 000 | 00388nam a2200121 a 4500 | ||
|---|---|---|---|
| 001 | 000029369 | ||
| 005 | 20200930055515.0 | ||
| 008 | 110415s1999 dr ac 000 0 spa d | ||
| 040 |
_aDO-SdBNP _bspa _cBNPHU |
||
| 245 | 0 | 4 | _aLos foros del Primer Festival Internacional del Teatro Iberoaméricano. |
| 260 |
_aSanto Domingo : _bTeatro Nacional, _c1999. |
||
| 300 |
_a263 p. : _bil. retrs. ; _c28 cm. |
||
| 999 |
_c28861 _d28861 |
||